Developing Countries 9 Economics and Politics
Saved in:
| Format: | Book |
|---|---|
| Language: | English |
| Published: |
Berlin
Akademie
1987
|
| Edition: | 1. ed. |
| Series: | Information Bulletin of the Problem Commission for the Multilateral Cooperation of the Academies of Sciences of the Socialist Countries
|
| Tags: |
No Tags, Be the first to tag this record!
|
MARC
| LEADER | 00000nam a2200000 4500 | ||
|---|---|---|---|
| 001 | c024088 | ||
| 005 | 20221219115653.0 | ||
| 041 | 0 | |a eng | |
| 044 | |a DE | ||
| 245 | 1 | 0 | |a Developing Countries 9 |b Economics and Politics |
| 250 | |a 1. ed. | ||
| 264 | 1 | |a Berlin |b Akademie |c 1987 | |
| 300 | |a 101 s. | ||
| 490 | 1 | |a Information Bulletin of the Problem Commission for the Multilateral Cooperation of the Academies of Sciences of the Socialist Countries | |
| 830 | 0 | |a Information Bulletin of the Problem Commission for the Multilateral Cooperation of the Academies of Sciences of the Socialist Countries | |